000 01090nam a22002897a 4500
999 _c100123
_d100123
005 20230301120524.0
010 _a1718EN-30 ENG-115225 B-687203-211 ENG-136187
020 _a9789351501688
_c750.00
035 _aEN-98757
035 _aB-687203-211
035 _aEN-119719
037 _bTBI
_adpl
037 _bDBAD/PUB
082 0 0 _a808.222
100 _a De Fossard, Esta
245 1 0 _aWriting and producing for television and film :
_bcommunication for behavior change /
_cby Esta de Fossard [and] John Riber
250 _a2nd ed
260 _aNew Delhi
_bSAGE Publications
_c2015
270 _aB1/I-1 Mohan Cooperative Industrial Area, Mathura Road
_bNew Delhi
_e110044
300 _aV.2(viii,234p.)
_c24cm(pbk)
500 _aIncludes index
650 _a Radio plays
_xAuthorship.
650 _aRadio
_xProduction and direction.
700 _aRiber,John
942 _2ddc
_cEN
_h808.222
_mDEF